Real Estate Appraiser and Analyst (Record no. 118833)
[ view plain ]
| 000 -LEADER | |
|---|---|
| fixed length control field | 00706cas a22002175a 4500 |
| 001 - CONTROL NUMBER | |
| control field | L130994 |
| 008 - FIXED-LENGTH DATA ELEMENTS--GENERAL INFORMATION | |
| fixed length control field | 050920d19781991xxubr p 0 a0eng u |
| 022 1# - INTERNATIONAL STANDARD SERIAL NUMBER | |
| International Standard Serial Number | 0271-258X |
| 035 ## - SYSTEM CONTROL NUMBER | |
| System control number | (Sirsi) u130994 |
| 041 0# - LANGUAGE CODE | |
| Language code of text/sound track or separate title | eng |
| 110 2# - MAIN ENTRY--CORPORATE NAME | |
| Corporate name or jurisdiction name as entry element | Society of Real Estate Appraisers |
| 9 (RLIN) | 2098 |
| 245 00 - TITLE STATEMENT | |
| Title | Real Estate Appraiser and Analyst |
| 260 ## - PUBLICATION, DISTRIBUTION, ETC. | |
| Place of publication, distribution, etc. | Chicago |
| Name of publisher, distributor, etc. | Society of Real Estate Appraisers |
| Date of publication, distribution, etc. | 1978-1991 |
| 362 ## - DATES OF PUBLICATION AND/OR SEQUENTIAL DESIGNATION | |
| Dates of publication and/or sequential designation | 44(5) September/October 1978-57(2) August 1991 |
| 554 ## - | |
| -- | Six per year |
| -- | 1978-1980 |
| -- | Four per year |
| -- | 1981-1991 |
| 651 #4 - SUBJECT ADDED ENTRY--GEOGRAPHIC NAME | |
| Geographic name | United States |
| Chronological subdivision | 1959- |
| 690 ## - LOCAL SUBJECT ADDED ENTRY--TOPICAL TERM (OCLC, RLIN) | |
| Topical term or geographic name as entry element | PROPERTY-PROPERTY APPRAISAL AND VALUATION |
| 710 2# - ADDED ENTRY--CORPORATE NAME | |
| Corporate name or jurisdiction name as entry element | Appraisal Institute |
| 9 (RLIN) | 2987 |
| 780 00 - PRECEDING ENTRY | |
| Title | Real Estate Appraiser |
| 942 ## - ADDED ENTRY ELEMENTS (KOHA) | |
| Suppress in OPAC | 0 |
| Withdrawn status | Lost status | Source of classification or shelving scheme | Damaged status | Not for loan | Home library | Current library | Shelving location | Date acquired | Total Checkouts | Full call number | Barcode | Date last seen | Price effective from | Koha item type |
|---|---|---|---|---|---|---|---|---|---|---|---|---|---|---|
| Dewey Decimal Classification | London | London | Basement | 20/09/2005 | REAL ESTATE APPRAISER AND ANALYST | 130994-1001 | 06/08/2019 | 06/08/2019 | Journal |